| 000 | 01347nam a2200301 i 4500 | ||
|---|---|---|---|
| 001 | 000017848 | ||
| 003 | DO-SdBNP | ||
| 005 | 20260527074041.0 | ||
| 007 | ta | ||
| 008 | 100406s1999 dr ac 000 0 spa d | ||
| 040 |
_aDO-SdBNP _bspa _cBNPHU _erda |
||
| 082 | 4 |
_a320.97293 _bG377j _222 |
|
| 100 | 1 |
_aGerón, Candido, _d1948- _eautor _4aut. _93577 |
|
| 245 | 1 | 0 |
_aJuan Bosch : _bla traición a un símbolo, matices de una conjura electoral 1996 / _cCándido Gerón. |
| 264 | 1 |
_aSanto Domingo : _bEditora Centenario, _c1999. |
|
| 300 |
_a262 páginas : _bilustraciones, retratos ; _c24 cm. |
||
| 336 |
_atexto _btxt _2rdacontent |
||
| 337 |
_asin mediación _bn _2rdamedia |
||
| 338 |
_2volumen _anc _0rdacarrier |
||
| 500 | _aIncluye datos biográficos del autor en las solapas | ||
| 505 | 2 | _aPrólogo -- Orígenes, exilio y trascendencia de Juan Bosch -- Nota preliminar sobre Cayo Confite -- Principios doctrinarios y honestidad en Bosch -- Comienzo y fin de una era política y de la ética del PLD -- Paradojas y artimañas de un triunfo electoral -- Anexos. | |
| 590 | _aInventariado, 2018/ YL | ||
| 600 | 1 | 0 |
_a Bosch, Juan, _d1909-2001 _976555 |
| 650 | 0 |
_aPartidos políticos _zRepública Dominicana _9285 |
|
| 651 | 0 |
_aRepública Dominicana _xPolítica y gobierno _945 |
|
| 910 | _aValidado. Control de calidad MMOLINA | ||
| 942 |
_2ddc _cLBS1 |
||
| 999 |
_c17372 _d17372 |
||